00685nam a2200193Ia 4500952015200000999001700152003000400169005001700173008004100190020001800231040000900249082001800258100003000276245007700306260004500383300000900428650001200437942004200449 00102ddc40708SOCIAL SCIENCEaMESbMEScSOCIAL SCIENCEd2019-02-20g1200.00l0o303.66 PAF/Cp34734r2019-02-20 00:00:00w2019-02-20yBKzGL50R4 c21374d21374OSt20201014095310.0190216s9999||||xx |||||||||||||| ||und|| a9781588266729 coclc a303.66bPAF/C aPaffenholz, Thania 95680 0aCivil Society & Peacebuilding A Critical Assessment /cThania Paffenholz bLynnerienner Publishers,c2010.aLondon: a510p aHistory cBK2ddch303.66iPAF/Ck303.66mPAF/C